Common property, equality, and development (Registro nro. 12296)

Detalles MARC
000 -CABECERA
Campo de control 005340000a22001810004500
090 ## - CLASIFICACIÓN LOCAL
Colección AR
Consecutivo 03242
041 0# - IDIOMA
Código de idioma para texto/pista de sonido o título separado
100 1# - ASIENTO PRINCIPAL--NOMBRE PERSONAL
Nombre personal Quiggin, John
245 10 - MENCION DE TITULO
Título Common property, equality, and development
500 ## - NOTA GENERAL
Nota general <Valoración y equidad>
650 14 - ASIENTO SECUNDARIO DE MATERIA - TERMINO TEMATICO
Término temático o nombre geográfico como elemento de entrada Propiedad común
650 14 - ASIENTO SECUNDARIO DE MATERIA - TERMINO TEMATICO
Término temático o nombre geográfico como elemento de entrada Economía
650 14 - ASIENTO SECUNDARIO DE MATERIA - TERMINO TEMATICO
Término temático o nombre geográfico como elemento de entrada Sistemas de producción
650 14 - ASIENTO SECUNDARIO DE MATERIA - TERMINO TEMATICO
Término temático o nombre geográfico como elemento de entrada Propiedad de la tierra
650 14 - ASIENTO SECUNDARIO DE MATERIA - TERMINO TEMATICO
Término temático o nombre geográfico como elemento de entrada Cooperativismo
773 1# - Item fuente:
Título World Development
Especificación de materiales 1229
Descripción física 7
Paginas del Articulo 1123-1138
Lugar, editorial y fecha de publicación 1993
Información sobre la relación 21
942 ## - ELEMENTOS ADICIONALES (KOHA)
Tipo de ítem Artículo
Existencias
Withdrawn status Lost status Damaged status No para préstamo Colección Ubicación Permanente Ubicación actual Fecha de adquisición Fuente de Valor Datos de publicación Seriada Total Checkouts Número topográfico Inventario / Código de Barras Date last seen Ejemplar Price effective from Forma de adquisición Tipo de material
      No para Préstamo Hemeroteca Bogotá Bogotá 27/02/2015 Uso y Valoración Fuera de circulación   AR 03242 013998 25/03/2015 1 25/03/2015   Artículo